Faculty of Law Library — Cairo University

Official Online Catalog

نظرية المرفق العام. (Record no. 48372)

MARC details
000 -LEADER
fixed length control field 01420nam a2200325 i 4500
003 - CONTROL NUMBER IDENTIFIER
control field EG-GICUC
005 - DATE AND TIME OF LATEST TRANSACTION
control field 20260121101430.0
008 - FIXED-LENGTH DATA ELEMENTS--GENERAL INFORMATION
fixed length control field 251204s1964 ua ||||fr|||| 00| 0 ara d
040 ## - CATALOGING SOURCE
Original cataloging agency EG-GICUC
Language of cataloging ara
Transcribing agency EG-GICUC
Modifying agency EG-GICUC
Description conventions rda
041 0# - LANGUAGE CODE
Language code of text/sound track or separate title ara
082 04 - DEWEY DECIMAL CLASSIFICATION NUMBER
Edition number 21
Classification number 345.3201
Item number م ح . ن
092 04 - LOCALLY ASSIGNED DEWEY CALL NUMBER (OCLC)
Edition number 21
099 ## - LOCAL FREE-TEXT CALL NUMBER (OCLC)
Classification number Law1 07 345.3201 م ح . ن 1 ed - 1964
100 0# - MAIN ENTRY--PERSONAL NAME
Personal name محمود محمد حافظ
Relator term مؤلف.
245 10 - TITLE STATEMENT
Title نظرية المرفق العام.
Number of part/section of a work الجزء الأول /
Statement of responsibility, etc. الدكتور محمود محمد حافظ.
264 #1 - PRODUCTION, PUBLICATION, DISTRIBUTION, MANUFACTURE, AND COPYRIGHT NOTICE
Place of production, publication, distribution, manufacture القاهرة :
Name of producer, publisher, distributor, manufacturer دار النهضة العربية،
Date of production, publication, distribution, manufacture, or copyright notice 1964.
300 ## - PHYSICAL DESCRIPTION
Extent 146 ؛صفحة
Dimensions 24 سم.
336 ## - CONTENT TYPE
Source rda content
Content type term text
337 ## - MEDIA TYPE
Source rda media
Media type term Computer
338 ## - CARRIER TYPE
Source rda carrier
Carrier type term Online Resource
504 ## - BIBLIOGRAPHY, ETC. NOTE
Bibliography, etc. note يشتمل على إرجاعات ببليوجرافية.
505 ## - FORMATTED CONTENTS NOTE
Formatted contents note فكرة المرفق العام : نشأتها : تحديدها به تطورها<br/>انشاء المرافق العامة .. وتنظيمها والغاؤها : أنواع المرافق العامة.
546 ## - LANGUAGE NOTE
Language note النص أغلبه باللغة العربية مع بعض النصوص الفرنسية
650 14 - SUBJECT ADDED ENTRY--TOPICAL TERM
Topical term or geographic name entry element فلسفة ونظريات
650 14 - SUBJECT ADDED ENTRY--TOPICAL TERM
Topical term or geographic name entry element المرافق العامة
650 14 - SUBJECT ADDED ENTRY--TOPICAL TERM
Topical term or geographic name entry element القانون الإداري
856 40 - ELECTRONIC LOCATION AND ACCESS
Uniform Resource Identifier <a href="https://fll.law.cu.edu.eg/fulltext/bks/B07-01335.pdf">https://fll.law.cu.edu.eg/fulltext/bks/B07-01335.pdf</a>
905 ## - Cataloger and Reviser Names
Cataloger Name: Sara El-Gendy
Revisor Name: Yara
942 ## - ADDED ENTRY ELEMENTS (KOHA)
Source of classification or shelving scheme Dewey Decimal Classification
Koha item type Books
Edition 21
Suppress in OPAC No
Holdings
Withdrawn status Lost status Source of classification or shelving scheme Materials specified (bound volume or other part) Damaged status Not for loan Collection Home library Current library Date acquired Total checkouts Full call number Barcode Date last seen Copy number Price effective from Koha item type
    Dewey Decimal Classification V1   Not for loan القانون الإداري جــــامعة القــاهرة مكتبة كلية الحقوق - المبنى الرئيسي 04.12.2025   Law1 07 345.3201 م ح . ن 1 ed - 1964 0701335 V1, C1 B07-01335 04.12.2025 1 04.12.2025 Books
    Dewey Decimal Classification V1     القانون الإداري جــــامعة القــاهرة مكتبة كلية الحقوق - المبنى الرئيسي 02.02.2026   Law1 07 345.3201 م ح . ن 1 ed - 1964 0702674 V1, C2 B07-02674 02.02.2026 2 02.02.2026 Books
    Dewey Decimal Classification       القانون الإداري مكتبة كلية الحقوق - فـرع الشيخ زايد مكتبة كلية الحقوق - فـرع الشيخ زايد 03.05.2026   Law2 07 345.32 م ح . ن 1 ed - 1964 0701361 V1 C3 B07-01361 03.05.2026 3 03.05.2026 Books

© All rights reserved — Faculty of Law, Cairo University